| 000 | 01420cam a2200289 4500500 | ||
|---|---|---|---|
| 005 | 20251228073552.0 | ||
| 041 | _afre | ||
| 042 | _adc | ||
| 100 | 1 | 0 |
_aManzi, Joaquín _eauthor |
| 245 | 0 | 0 | _aDes spectres aux spectateurs |
| 260 | _c2014. | ||
| 500 | _a27 | ||
| 520 | _aCe texte aborde les échanges suscités par quatre films récents consacrés au destin du cadavre de Che Guevara. Les films de Leandro Katz, Fausta Quattrini et Daniele Incalcaterra sont ici étudiés au prisme des notions d’inquiétante étrangeté et de deuil dans leurs enjeux symboliques et idéologiques. | ||
| 520 | _aFrom spectres to spectatorsThis paper broaches the imaginary exchanges created by four recent movies on Che Guevara’s corpse. The films by Leandro Katz, Fausta Quattrini and Daniele Incalcaterra are studied through the prism of such concepts as the uncanny and mourning and their symbolic and ideological issues. | ||
| 690 | _adesaparecidos | ||
| 690 | _adeuil | ||
| 690 | _aErnesto « Che » Guevara | ||
| 690 | _ainquiétante étrangeté | ||
| 690 | _aspectre | ||
| 690 | _aErnesto Che Guevara | ||
| 690 | _amourning | ||
| 690 | _aspectre | ||
| 690 | _athe disappeared | ||
| 690 | _athe uncanny | ||
| 786 | 0 | _nSavoirs et clinique | 17 | 1 | 2014-11-03 | p. 116-125 | 1634-3298 | |
| 856 | 4 | 1 | _uhttps://shs.cairn.info/revue-savoirs-et-cliniques-2014-1-page-116?lang=fr&redirect-ssocas=7080 |
| 999 |
_c1595436 _d1595436 |
||